| 000 | 00687nam a2200217 i 4500 | ||
|---|---|---|---|
| 001 | 6701 | ||
| 003 | ES-MaACL | ||
| 005 | 20250712062533.0 | ||
| 008 | 900228s1989 sp ||||1| spa d | ||
| 020 | _a84-01-38145-2 | ||
| 080 | _a946"1936/39"(0:860-3) | ||
| 100 | 1 |
_aCela, Camilo José, _d1916-2002 _937336 |
|
| 245 | 1 | 0 |
_aVísperas, festividad y octava de San Camilo del año 1936 en Madrid / _cCamilo José Cela. |
| 250 | _a1ª ed. | ||
| 260 |
_aBarcelona : _bPlaza & Janés, _c1989. |
||
| 300 |
_a344 p. ; _c22 cm. |
||
| 651 | 4 |
_aEspaña- _xHistoria- _y1936-1939, Guerra civil- _vNovelas. _98310 |
|
| 740 | 0 | 2 | _aSan Camilo 1936. |
| 852 | 4 |
_aES-MaACL _jL-13899 |
|
| 999 |
_c6701 _d6701 |
||